000 00510nam a2200181 i 4500
001 bg
245 0 _aGrafoskopy w systemach komputerowych :
_bpraca zbiorowa /
_c[Aut. : Jerzy ChmurzyƄski i in.].
260 _aWarszawa :
_bWydawn. Nauk.-Techn.,
_c1980.
300 _as. 327, nlb. 5 :
_brys., tab.
490 1 _aInformatyka
504 _a[Zawiera bibliogr.].
830 _aInformatyka
040 _cBPK
041 _apol
080 _a681.327
942 _cKS
008 s pl f |000 0 pol
999 _c19553
_d19553
856 _uhttp://koha.tu.koszalin.pl/cgi-bin/koha/opac-detail.pl?biblionumber=19553
_yKatalog online BPK